Mercantile Law (Record no. 221)
[ view plain ]
| 000 -LEADER | |
|---|---|
| fixed length control field | 00631nam a22001817a 4500 |
| 005 - DATE AND TIME OF LATEST TRANSACTION | |
| control field | 20241025182411.0 |
| 008 - FIXED-LENGTH DATA ELEMENTS--GENERAL INFORMATION | |
| fixed length control field | 241025b |||||||| |||| 00| 0 eng d |
| 020 ## - INTERNATIONAL STANDARD BOOK NUMBER | |
| International Standard Book Number | 9788125931249 |
| Qualifying information | Paperback |
| 050 ## - LIBRARY OF CONGRESS CALL NUMBER | |
| Classification number | KNS856 |
| Item number | .K95 |
| 100 ## - MAIN ENTRY--PERSONAL NAME | |
| Personal name | Kuchhal, M. C. |
| 245 ## - TITLE STATEMENT | |
| Title | Mercantile Law |
| Remainder of title | For B.Com. (Hons.), M.Com, CA, ICWA, CS, BBA, MBA,LL.B, Banking and Competitive Examinations |
| Statement of responsibility, etc. | M C Kuchhal |
| 250 ## - EDITION STATEMENT | |
| Edition statement | Seventh Revised Ed. |
| 260 ## - PUBLICATION, DISTRIBUTION, ETC. | |
| Place of publication, distribution, etc. | New Delhi; India. |
| Name of publisher, distributor, etc. | Vikas Publishing House PVT Ltd |
| 300 ## - PHYSICAL DESCRIPTION | |
| Extent | xxxi, 680 pages |
| Other physical details | Index |
| Dimensions | 21cm |
| 650 ## - SUBJECT ADDED ENTRY--TOPICAL TERM | |
| Source of heading or term | Contract |
| Topical term or geographic name entry element | India |
| Form subdivision | Mercantile |
| 650 ## - SUBJECT ADDED ENTRY--TOPICAL TERM | |
| Source of heading or term | Commerce and Law |
| Topical term or geographic name entry element | India |
| 942 ## - ADDED ENTRY ELEMENTS (KOHA) | |
| Source of classification or shelving scheme | Library of Congress Classification |
| Koha item type | Books |
| Suppress in OPAC | No |
| 999 ## - | |
| -- | 221 |
| -- | 221 |
| Withdrawn status | Lost status | Source of classification or shelving scheme | Damaged status | Not for loan | Collection | Home library | Current library | Shelving location | Date acquired | Total checkouts | Full call number | Barcode | Date last seen | Copy number | Price effective from | Koha item type |
|---|---|---|---|---|---|---|---|---|---|---|---|---|---|---|---|---|
| Library of Congress Classification | Non-fiction | Law Library (Christ Temple) | Law Library (Christ Temple) | General stacks | 01/20/2025 | KNS856.K95 KUC | LLCT00000209 | 01/20/2025 | 3 | 01/20/2025 | Books | |||||
| Library of Congress Classification | Non-fiction | Law Library (Christ Temple) | Law Library (Christ Temple) | General stacks | 01/20/2025 | KNS856.K95 KUC | LLCT00000210 | 01/20/2025 | 4 | 01/20/2025 | Books | |||||
| Library of Congress Classification | Non-fiction | Law Library (Kumasi) | Law Library (Kumasi) | General stacks | 04/16/2026 | KNS856.K95KUC | llk00000158 | 04/16/2026 | 5 | 04/16/2026 | Books | |||||
| Library of Congress Classification | Non-fiction | Law Library (Miotso) | Law Library (Miotso) | Reference | 10/25/2024 | KNS856.K95 KUC | llm00000270 | 10/25/2024 | 1 | 10/25/2024 | Books | |||||
| Library of Congress Classification | Non-fiction | Law Library (Miotso) | Law Library (Miotso) | Reference | 11/08/2024 | KNS856.K95 KUC | LLM00000742 | 11/08/2024 | 2 | 11/08/2024 | Books |